MARC details
| 000 -LÍDER |
| campo de controle de tamanho fixo |
01243naa a22003497a 4500 |
| 001 - NÚMERO DE CONTROLE |
| campo de controle |
BR8700634 |
| 003 - IDENTIFICADOR DO NÚMERO DE CONTROLE |
| campo de controle |
BR-BrBNA |
| 005 - DATA E HORÁRIO DA ÚLTIMA TRANSAÇÃO |
| campo de controle |
20240918175754.0 |
| 007 - CAMPO FIXO DE DESCRIÇÃO FÍSICA--INFORMAÇÃO GERAL |
| campo de controle de tamanho fixo |
ta |
| 008 - CAMPO DE DADOS FIXOS--INFORMAÇÃO GERAL |
| campo de controle de tamanho fixo |
230509b bl.||||| |||| 00| 0 por d |
| 040 ## - FONTE DA CATALOGAÇÃO |
| Instituição da catalogação original |
BR-BrBNA |
| Idioma da catalogação |
por |
| Instituição que transcreveu o registro |
Biblioteca Nacional de Agricultura |
| 041 ## - CÓDIGO DE IDIOMA |
| Código do idioma do texto/trilha sonora ou título diferente |
(Pt) |
| 072 ## - CÓDIGO DE CATEGORIA DE ASSUNTO |
| Código de Categoria de Assunto |
F04; F60 |
| Código do objeto |
2120 |
| -- |
3840 |
| 090 ## - NÚMERO DE CHAMADA LOCAL |
| Número de chamada |
F04 BR8700634 |
| 100 1# - ENTRADA PRINCIPAL--NOME PESSOAL |
| Nome pessoal |
Guimaraes, P.T.G. |
| 100 1# - ENTRADA PRINCIPAL--NOME PESSOAL |
| Nome pessoal |
Melles, C. do C.A.A. |
| 100 1# - ENTRADA PRINCIPAL--NOME PESSOAL |
| Nome pessoal |
Freire, F.M. |
| 100 1# - ENTRADA PRINCIPAL--NOME PESSOAL |
| Nome pessoal |
Ponte, A.M. da |
| 111 1# - ENTRADA PRINCIPAL--NOME DO EVENTO |
| Nome do evento ou lugar |
10. Congresso Brasileiro de Pesquisas Cafeeiras |
| Local do evento |
Pocos de Caldas, MG (Brazil) |
| Data do evento ou assinatura do tratado |
29 Aug 1983 |
| 245 1# - TÍTULO |
| Título |
Influencia do gesso e do calcario como corretivos e fornecedores de calcio e enxofre para o cafeeiro |
| 260 3# - PUBLICAÇÃO, DISTRIBUIÇÃO, ETC. |
| Local de publicação, distribuição, etc. |
Rio de Janeiro, RJ (Brasil): |
| Data da publicação, distribuição, etc. |
1983. |
| 500 ## - NOTA GERAL |
| Nota geral |
Anais do 10. Congresso Brasileiro de Pesquisas Cafeeiras<br/>Rio de Janeiro, RJ (Brasil): 1983. p. 164<br/>(BR8700634-AM)F04<br/> |
| 650 ## - ASSUNTO--TERMO TÓPICO |
| Cabeçalho tópico ou nome geográfico |
CAFE |
| 650 ## - ASSUNTO--TERMO TÓPICO |
| Cabeçalho tópico ou nome geográfico |
NUTRICAO VEGETAL |
| 650 ## - ASSUNTO--TERMO TÓPICO |
| Cabeçalho tópico ou nome geográfico |
CALCARIO |
| 650 ## - ASSUNTO--TERMO TÓPICO |
| Cabeçalho tópico ou nome geográfico |
CORRETIVO |
| 650 ## - ASSUNTO--TERMO TÓPICO |
| Cabeçalho tópico ou nome geográfico |
GESSO |
| 650 ## - ASSUNTO--TERMO TÓPICO |
| Cabeçalho tópico ou nome geográfico |
ENXOFRE |
| 773 0# - ENTRADA ANALÍTICA |
| Título |
Anais do 10. Congresso Brasileiro de Pesquisas Cafeeiras |
| Número de controle do registro |
F04 BR8700634 |
| Partes relacionadas |
Rio de Janeiro, RJ (Brasil), 1983. p. 164 |
| 909 ## - |
| -- |
202404 |
| -- |
Lucia |
| -- |
55 |
| -- |
Lucia Elande |
| 942 ## - ELEMENTOS DE ENTRADA ADICIONADOS (KOHA) |
| Tipo de material Koha |
Capítulo-Livro |
| Fonte da classificação ou esquema de arquivamento na estante |
Classificação AGRIS |